000 00489nam a2200181Ia 4500
005 20250508153333.0
008 008 250505s9999 xx 000 0 eng d
037 _aBooks to be hide in OPAC
040 _aFEDL
_beng
_cFEDL
041 _aeng
_2eng
084 _qFEDL
245 0 _aReport, statistics, sc. 1904-1905
245 0 _cTraining Of Teachers
260 _aLondon, UK
_bHis Majesty's Stationery Office
_c1906
300 _a84p.
942 _cHB
999 _c1342123
_d1342123